000 00460nam a2200133Ia 4500
008 210430s9999 xx 000 0 und d
020 _a0-8247-4302-4
082 _a660. S 7751 R
100 _aEdited by Andrzej Stankiewicz, Jacob A. Moulijn
_9127594
245 _aRe-Engineering The Chemical Processing Plant Process Intensification: Process intensification /
_cAndrzej Stankiewicz
260 _aNew York
_bDekker
_c2004
300 _a350 p
942 _cBK
_2ddc
999 _c565010
_d565010